Le manuel de l'eveque : les droits et les responsabilités de l'eveque diocésain selon le code de droit canonique
Saved in:
| Institution som forfatter: | |
|---|---|
| Format: | Bog |
| Sprog: | fransk |
| Udgivet: |
Montreal
Wilson and Lafleur
1994
|
| Fag: | |
| Tags: |
Tilføj Tag
Ingen Tags, Vær først til at tagge denne postø!
|
MARC
| LEADER | 00000nam a2200000 a 4500 | ||
|---|---|---|---|
| 001 | UCU5416 | ||
| 003 | CL-VaPUC | ||
| 008 | 960604e19940000CN |||||||||||||||||fre|d | ||
| 082 | 0 | 4 | |a 262.9 |b NAT |2 21 |
| 110 | 2 | |a National Conference of Catholic Bishops |e author |9 363413 | |
| 245 | 1 | 3 | |a Le manuel de l'eveque : les droits et les responsabilités de l'eveque diocésain selon le code de droit canonique |
| 300 | |a 102 p | ||
| 942 | |c BK | ||
| 945 | |d 19960604 00:00:00 |a rbrito | ||
| 260 | |a Montreal |b Wilson and Lafleur |c 1994 | ||
| 650 | 7 | |a OBISPOS |2 CL-VaPUC |9 363414 | |
| 650 | 7 | |a DERECHO CANONICO |2 CL-VaPUC |9 363415 | |
| 583 | |a last modification |c 19960604 00:00:00 |k Rodrigo Vera | ||
| 999 | |c 248785 |d 248783 | ||
| 952 | |0 0 |1 0 |4 0 |6 262_900000000000000_NAT_1994 |7 0 |8 A |9 265639 |a BIBDER |b BIBDER |d 2019-11-19 |i 320510K |o 262.9 NAT 1994 |p 320510K |r 2023-01-25 |w 2019-11-19 |y BK |k DER | ||